Normal view MARC view
  • Sudarsanam, Sudi

Entry Personal Name

Number of records used in: 1

001 - CONTROL NUMBER

  • control field: 4565

003 - CONTROL NUMBER IDENTIFIER

  • control field: OSt

005 - DATE AND TIME OF LATEST TRANSACTION

  • control field: 20180719145152.0

008 - FIXED-LENGTH DATA ELEMENTS

  • fixed length control field: 180719|| aca||aabn | a|a d

040 ## - CATALOGING SOURCE

  • Original cataloging agency: OSt
  • Transcribing agency: OSt

100 ## - HEADING--PERSONAL NAME

  • Personal name: Sudarsanam, Sudi

670 ## - SOURCE DATA FOUND

  • Source citation: Work cat.: (OSt)1908: Sudarsanam, Sudi, Creating Value from Merges and Acquisitions:the challenges, 2003